| 000 | 01088nac a22002891u 4500 | ||
|---|---|---|---|
| 003 | EG-ScBUE | ||
| 005 | 20220202121523.0 | ||
| 008 | 200219s1995 ii f 000 1 eng d | ||
| 040 |
_aEG-ScBUE _beng _erda _cEG-ScBUE _dEG-ScBUE |
||
| 082 | 0 | 4 |
_a823.8 _bDIC _222 |
| 100 | 1 |
_aDickens, Charles, _d1812-1870, _eauthor. _935484 |
|
| 245 | 1 | 0 |
_aDavid Copperfield : _ba critical study / _cCharles Dickens, Ved Prakash Malhotra, M.A. English & Hindi, senior lecturer in Hindi, D.A.V. College, Rajinder Paul, Department of English, Hans Raj College, University of Delhi. |
| 250 | _aNinth edition. | ||
| 264 | 1 |
_aNew Delhi : _bRama Brothers, _c1995. |
|
| 300 |
_a192 pages ; _c22 cm |
||
| 336 |
_2rdacontent _atext _btxt |
||
| 337 |
_2rdamedia _aunmediated _bn |
||
| 338 |
_2rdacarrier _avolume _bnc |
||
| 500 | _adistributer: Al-Ahram | ||
| 650 | 7 |
_aFiction in English. _2BUEsh |
|
| 651 | 7 |
_aEngland _xFiction. _2BUEsh |
|
| 653 | _bHHUUEENN | ||
| 655 |
_vReading book _934232 |
||
| 700 | 1 |
_aMalhotra, V. P., _eauthor. |
|
| 700 | 1 |
_aPaul, Rajinder, _eauthor. |
|
| 942 |
_cBB _k823.8 DIC _2ddc |
||
| 999 |
_c6044 _d6044 |
||